Sports Quiz

Random Sports Quiz

Championship Title by Sport Quiz Stats

 Plays Quiz not verified by Sporcle

Score 0/10 Timer 05:00
0 Plays Today
% Correct
Hockey
88.6%
Boxing
87.1%
Football
87.1%
Tennis
84.3%
Baseball
82.9%
Soccer
82.9%
Basketball
75.7%
Volleyball
74.3%
Badminton
65.7%
Handball
43.8%

You're not logged in!

Compare scores with friends on all Sporcle quizzes.
OR
Log In

Show Comments

Extras

Top Quizzes Today


Score Distribution

Your Account Isn't Verified!

In order to create a playlist on Sporcle, you need to verify the email address you used during registration. Go to your Sporcle Settings to finish the process.

Report this User

Report this user for behavior that violates our Community Guidelines.

Details: